Top 15 Biggest Countries - Statistics

General Stats
  • This quiz has been taken 64 times
  • The average score is 13 of 15
Answer Stats
Hint Answer % Correct
8,515,767 Brazil
100%
9,984,670 Canada
100%
9,706,961 China
100%
17,098,242 Russia
100%
9,372,610 United States of America
98%
7,692,024 Australia
96%
2,780,400 Argentina
93%
3,287,590 India
93%
1,964,375 Mexico
93%
2,381,741 Algeria
91%
2,344,858 DR Congo
85%
2,724,900 Kazakhstan
81%
2,149,690 Saudi Arabia
81%
1,904,569 Indonesia
72%
1,886,068 Sudan
54%
No matching quizzes found
Score Distribution
Percent of People with Each Score
Percentile by Number Answered
Your Score History
You have not taken this quiz